[Event "Manizales Feria op 29th"]
[Site "Manizales"]
[Date "2024.01.07"]
[Round "4"]
[White "Piza Vera, Andres"]
[Black "Alvarez Blanco, Jesus Manuel"]
[Result "1-0"]
[WhiteElo "1465"]
[BlackElo "1600"]
[PlyCount "106"]
[EventDate "2024.01.05"]
[EventType "swiss"]
[EventRounds "7"]
[EventCountry "COL"]
[SourceTitle "CB02_2024"]
[SourceDate "2024.01.10"]
[SourceVersion "1"]
[SourceVersionDate "2024.01.10"]
[SourceQuality "1"]

1. d4 Na6 2. e4 e6 3. Nc3 Nf6 4. e5 Nd5 5. Nxd5 exd5 6. g3 b6 7. Bg2 Bb7 8. c4 c6 9. b3 b5 10. c5 f6 11. exf6 Qxf6 12. Qe2+ Be7 13. Bb2 d6 14. cxd6 Qxd6 15. Nf3 Qd8 16. 0-0 Qd7 17. Ne5 Qe6 18. Rfe1 Nc7 19. b4 Bc8 20. Nxc6 Bd6 21. Qh5+ g6 22. Rxe6+ Bxe6 23. Qe2 Kd7 24. Ne5+ Ke7 25. Bh3 Bxh3 26. Nxg6+ Kf7 27. Nxh8+ Rxh8 28. Qf3+ Ke7 29. Re1+ Be6 30. Rxe6+ Nxe6 31. Qxd5 Rc8 32. Qb7+ Rc7 33. Qxb5 a6 34. Qe2 Kd7 35. Qxa6 Bxb4 36. Qb5+ Kc8 37. Qxb4 Rb7 38. Qc4+ Nc7 39. Qg8+ Kd7 40. Qg7+ Kd6 41. Ba3+ Kd5 42. Qd7+ Kc4 43. Qc6+ Kxd4 44. Qxb7 Nd5 45. f4 Nc3 46. Bb2 Kd3 47. Bxc3 Kxc3 48. f5 Kd4 49. f6 Ke5 50. f7 Ke6 51. f8R Kd6 52. Qb6+ Ke7 53. Qb4+ Ke6 1-0